Countries, US States, Capitals, Elements, 100 Most Common Words: Containing an Element - Statistics

General Stats
  • This quiz has been taken 213 times
  • The average score is 17 of 24
Answer Stats
Answer % Correct
Tin
90%
Tin
90%
Tin
90%
Tin
90%
Tin
90%
Tin
90%
Tin
90%
Argentina
82%
Actinium
71%
Actinium
71%
Astatine
70%
Protactinium
70%
Protactinium
70%
Austin
67%
Erbium
64%
Erbium
64%
Terbium
64%
Terbium
64%
Ytterbium
63%
Ytterbium
63%
Boron
54%
Platinum
53%
Pristina
45%
Gaborone
43%
No matching quizzes found
Score Distribution
Percent of People with Each Score
Percentile by Number Answered
Your Score History
You have not taken this quiz